000 01397cam a22002894a 4500
001 538
005 20230525143719.0
008 010308s2001 nyua c b 001 0beng
020 _a0439263190 (pbk.)
040 _aDLC
_cDLC
_dDLC
050 0 0 _aTK140.E3
_bS85 2001
082 0 0 _a621.3/092
_aB
_221
100 1 _aSullivan, George,
_d1927-
245 1 0 _aThomas Edison /
_cGeorge Sullivan.
260 _aNew York :
_bScholastic Reference,
_c2001.
300 _a128 pages :
_billustrations ;
_c20 cm.
490 1 _aIn their own words
505 _aM
520 _aIn Their Own Words: Thomas Edison tells the exciting story of Edison's life using his laboratory notes, business records, and personal recollections."I find out what the world needs. Then I go ahead and try to invent it."With these words, Thomas Edison explains how he developed ideas and turned them into useful inventions. Although he is most famous for inventing the lightbulb, Edison is credited with hundreds of inventions. The young boy who did poorly in school became one of the most famous men in America.
521 _a750
_bLexile
521 _aM
_bRaz-Plus
650 0 _aElectrical engineers
_zUnited States
_vBiography
_vJuvenile literature.
650 0 _aInventors
_zUnited States
_vBiography
_vJuvenile literature.
650 1 _aInventors.
906 _a7
_bcbc
_corignew
_d1
_eocip
_f20
_gy-gencatlg
942 _2ddc
_cBK
_n0
999 _c538
_d538